Normal view MARC view
  • SRIVASTAVA, PROF BAJARANG BALI LAL TIBYEHABWA, MR. REVELIAN RUSIKILE

Entry Personal Name

Number of records used in: 1

001 - CONTROL NUMBER

  • control field: 8767

003 - CONTROL NUMBER IDENTIFIER

  • control field: JRU

005 - DATE AND TIME OF LATEST TRANSACTION

  • control field: 20251121144442.0

008 - FIXED-LENGTH DATA ELEMENTS

  • fixed length control field: 251121|| aca||aabn | a|a d

040 ## - CATALOGING SOURCE

  • Original cataloging agency: JRU
  • Transcribing agency: JRU

100 ## - HEADING--PERSONAL NAME

  • Personal name: SRIVASTAVA, PROF BAJARANG BALI LAL TIBYEHABWA, MR. REVELIAN RUSIKILE

670 ## - SOURCE DATA FOUND

  • Source citation: Work cat.: (JRU)8942: SRIVASTAVA, PROF BAJARANG BALI LAL TIBYEHABWA, MR. REVELIAN RUSIKILE, FUNDAMENTAL LABORATORY GUIDE BOOK - FOR UNIVERSITY STUDENTS IN NATURAL SCIENCE , 2024